La Gran Cruz de sanidad al Doctor Jiménez de Anta
Publicado:
San Jorge, núm. 76 (4t trimestre 1969), pàg 75 :
Materias:
Jiménez de Anta, Joaquín -- Medalles
MARC
| LEADER | 00000nam a2200000Ia 4500 | ||
|---|---|---|---|
| 001 | |||
| 008 | 160829s9999 xx 000 0 cat d | ||
| 245 | |a La Gran Cruz de sanidad al Doctor Jiménez de Anta | ||
| 260 | |a San Jorge, núm. 76 (4t trimestre 1969), pàg 75 | ||
| 600 | 1 | 0 | |a Jiménez de Anta, Joaquín |x Medalles |9 56254 |
| 901 | |a Arxiu | ||
| 942 | |n 1 | ||
| 952 | |0 0 |1 0 |4 0 |7 1 |9 47248 |a Arxiu |b Arxiu |d 2016-12-01 |l 0 |r 2016-12-01 00:00:00 |w 2016-12-01 |y ARXIU | ||
| 999 | |c 51045 |d 51045 | ||